| 000 | 00696cam a2200217 4500 | ||
|---|---|---|---|
| 001 | D15531 | ||
| 008 | 090401t1977 xxu||||| |||| 00| 0 eng d | ||
| 035 | _a(Sirsi) u23419 | ||
| 041 | _aeng | ||
| 050 | _a711.12 | ||
| 110 |
_aRoyal Institution of Chartered Surveyors _94900 |
||
| 245 | _aInvestigations of a local authority`s planning policies and proposals: a check list for practitioners, prepared by the planning and Development Division. | ||
| 260 |
_bRICS _c1977 |
||
| 300 | _a6p. 30cm. 40p | ||
| 350 | _a0 | ||
| 490 |
_aPractice Note _vNo.1 |
||
| 520 | _aFiled in Box 1977/22, Archives ABC | ||
| 710 |
_aPlanning and Development Division _9784 |
||
| 942 | _n0 | ||
| 948 | _c04/03/1997 | ||
| 999 |
_c88402 _d88402 |
||